Dictionary of biblical prophecy and end times / (Record no. 944)
[ view plain ]
| 000 -LEADER | |
|---|---|
| fixed length control field | 01422cam a2200349 a 4500 |
| 001 - CONTROL NUMBER | |
| control field | 14688572 |
| 003 - CONTROL NUMBER IDENTIFIER | |
| control field | GBCCL |
| 005 - DATE AND TIME OF LATEST TRANSACTION | |
| control field | 20241126110349.0 |
| 008 - FIXED-LENGTH DATA ELEMENTS--GENERAL INFORMATION | |
| fixed length control field | 070108s2007 miua bd 001 0 eng |
| 010 ## - | |
| -- | 2007000461 |
| 020 ## - INTERNATIONAL STANDARD BOOK NUMBER | |
| International Standard Book Number | 9780310256632 |
| 020 ## - INTERNATIONAL STANDARD BOOK NUMBER | |
| International Standard Book Number | 0310256631 |
| 035 ## - SYSTEM CONTROL NUMBER | |
| System control number | (OCoLC)ocm78787787 |
| 035 ## - SYSTEM CONTROL NUMBER | |
| System control number | (OCoLC)78787787 |
| 040 ## - CATALOGING SOURCE | |
| Original cataloging agency | DLC |
| Transcribing agency | DLC |
| Modifying agency | YDX |
| -- | BTCTA |
| -- | BAKER |
| -- | YDXCP |
| -- | IHT |
| -- | DLC |
| 050 00 - | |
| -- | BS647.3 |
| -- | .H39 2007 |
| 082 00 - DEWEY DECIMAL CLASSIFICATION NUMBER | |
| Classification number | 220.1503 |
| Edition information | 22 |
| Item number | HAY |
| 100 1# - MAIN ENTRY--PERSONAL NAME | |
| Personal name | Hays, J. Daniel, |
| Dates associated with a name | 1953- |
| 9 (RLIN) | 1521 |
| 245 10 - TITLE STATEMENT | |
| Title | Dictionary of biblical prophecy and end times / |
| Statement of responsibility, etc. | J. Daniel Hays, J. Scott Duvall, C. Marvin Pate. |
| 260 ## - PUBLICATION, DISTRIBUTION, ETC. | |
| Place of publication, distribution, etc. | Grand Rapids, Mich. : |
| Name of publisher, distributor, etc. | Zondervan, |
| Date of publication, distribution, etc. | c2007. |
| 300 ## - PHYSICAL DESCRIPTION | |
| Extent | 512 p. : |
| Other physical details | ill. ; |
| Dimensions | 25 cm. |
| 504 ## - BIBLIOGRAPHY, ETC. NOTE | |
| Bibliography, etc. note | Includes bibliographical references (p. 483-487) and index. |
| 505 0# - FORMATTED CONTENTS NOTE | |
| Formatted contents note | Preface -- Dictionary -- Notes -- Scripture index. |
| 630 00 - SUBJECT ADDED ENTRY--UNIFORM TITLE | |
| Uniform title | Bible |
| General subdivision | Prophecies |
| Form subdivision | Dictionaries. |
| 9 (RLIN) | 1522 |
| 700 1# - ADDED ENTRY--PERSONAL NAME | |
| Personal name | Duvall, J. Scott. |
| 9 (RLIN) | 1523 |
| 700 1# - ADDED ENTRY--PERSONAL NAME | |
| Personal name | Pate, C. Marvin, |
| Dates associated with a name | 1952- |
| 9 (RLIN) | 1524 |
| 856 42 - ELECTRONIC LOCATION AND ACCESS | |
| Materials specified | Publisher description |
| Uniform Resource Identifier | <a href="http://www.loc.gov/catdir/enhancements/fy0728/2007000461-d.html">http://www.loc.gov/catdir/enhancements/fy0728/2007000461-d.html</a> |
| 856 42 - ELECTRONIC LOCATION AND ACCESS | |
| Materials specified | Contributor biographical information |
| Uniform Resource Identifier | <a href="http://www.loc.gov/catdir/enhancements/fy0806/2007000461-b.html">http://www.loc.gov/catdir/enhancements/fy0806/2007000461-b.html</a> |
| 906 ## - LOCAL DATA ELEMENT F, LDF (RLIN) | |
| a | 7 |
| b | cbc |
| c | orignew |
| d | 1 |
| e | ecip |
| f | 20 |
| g | y-gencatlg |
| 942 ## - ADDED ENTRY ELEMENTS (KOHA) | |
| Source of classification or shelving scheme | Dewey Decimal Classification |
| Koha item type | Reference Books |
| Withdrawn status | Lost status | Source of classification or shelving scheme | Damaged status | Not for loan | Home library | Current Library | Shelving location | Date acquired | Total checkouts | Full call number | Barcode | Date last seen | Copy number | Price effective from | Koha item type |
|---|---|---|---|---|---|---|---|---|---|---|---|---|---|---|---|
| Dewey Decimal Classification | GRACE BIBLE COLLEGE | GRACE BIBLE COLLEGE | Dictionary | 2017-03-30 | 220.1503 HAY | 014271 | 2025-05-01 | c.1 | 2017-03-30 | Reference Books |